| 000 | 01270nam a22003254a 4500 | ||
|---|---|---|---|
| 001 | ebr10226784 | ||
| 003 | CaPaEBR | ||
| 006 | m u | ||
| 007 | cr cn||||||||| | ||
| 008 | 060315s2008 njua s 001 0 eng | ||
| 010 | _z 2006923952 | ||
| 020 | _z9780470039731 (pbk. : alk. paper) | ||
| 020 | _z0470039736 (pbk. : alk. paper) | ||
| 040 |
_aCaPaEBR _cCaPaEBR |
||
| 035 | _a(OCoLC)191881808 | ||
| 050 | 1 | 4 |
_aHF5548.37 _b.G74 2008eb |
| 082 | 0 | 4 |
_a658.4/78 _222 |
| 100 | 1 | _aGregory, Peter H. | |
| 245 | 1 | 0 |
_aIT disaster recovery planning for dummies _h[electronic resource] / _cPeter Gregory ; foreword by Philip Jan Rothstein. |
| 260 |
_aHoboken, NJ : _bWiley, _cc2008. |
||
| 300 |
_axx, 360 p. : _bill. |
||
| 500 | _aIncludes index. | ||
| 533 |
_aElectronic reproduction. _bPalo Alto, Calif. : _cebrary, _d2013. _nAvailable via World Wide Web. _nAccess may be limited to ebrary affiliated libraries. |
||
| 650 | 0 |
_aInformation technology _xSecurity measures. |
|
| 650 | 0 | _aInformation resources management. | |
| 650 | 0 | _aEmergency management. | |
| 655 | 7 |
_aElectronic books. _2local |
|
| 710 | 2 | _aebrary, Inc. | |
| 856 | 4 | 0 |
_uhttp://site.ebrary.com/lib/rucke/Doc?id=10226784 _zAn electronic book accessible through the World Wide Web; click to view |
| 999 |
_c28775 _d28775 |
||